Spanish bodyparts - part 1 (kehonosat espanjaksi) - Statistics

General Stats
  • This quiz has been taken 13 times
  • The average score is 15 of 21
Answer Stats
Hint Answer % Correct
eyes (silmät) los ojos
100%
hair (hiukset) el cabello, el pelo
83%
tooth (hammas) el diente
83%
eye (silmä) el ojo
83%
mouth (suu) la boca
83%
head (pää) la cabeza
83%
face (kasvot la cara
83%
tongue (kieli) la lengua
83%
nose (nenö) la nariz
83%
ear (korva) la oreja
83%
ears (korvat) las orejas
83%
teeth (hampaat) los dientes
83%
neck (kaula/niska) el cuello
67%
throat (kurkku) la garganta
67%
lip (huuli) el labio
50%
chin (leuka) el mentón, la barbilla
50%
eyebrow (kulmakarva) la ceja
50%
forehead (otsa) la frente
50%
cheek (poski) la mejilla
50%
cheeks (posket) las mejillas
50%
lips (huulet) los labios
50%
No matching quizzes found
Score Distribution
Percent of People with Each Score
Percentile by Number Answered
Your Score History
You have not taken this quiz